Normal view
MARC view
Entry Corporate Name
001 - CONTROL NUMBER
- control field: 349861
003 - CONTROL NUMBER IDENTIFIER
- control field: OSt
005 - DATE AND TIME OF LATEST TRANSACTION
- control field: 20220926045132.0
008 - FIXED-LENGTH DATA ELEMENTS
- fixed length control field: 220926|| aca||aabn | a|a d
040 ## - CATALOGING SOURCE
- Original cataloging agency: OSt
- Transcribing agency: OSt
110 ## - HEADING--CORPORATE NAME
- Corporate name or jurisdiction name as entry element: Punjab Farm Account
670 ## - SOURCE DATA FOUND
- Source citation: Work cat.: (OSt)676803: Punjab Farm Account, Farm Account 1934-35 to 1936-37, 1937
